00478nam a2200181Ia 450000500170000000800410001704000190005804100120007708200180008910000260010724500490013325000260018226000360020830000180024465000140026265100100027685000100028620240217105609.0131103s9999 xx 000 0 und d aLoreto College aEnglish a370.954 bBAN aBanerjee,Jyoti Prasad aEducation in India, cJyoti Prasad Banerjee a Past present future  aCalcuttabCentral Libraryc1994 a576 p.b ill. aEducation aIndia aLCLIB